| 000 | 01251nam a2200289 4500 | ||
|---|---|---|---|
| 001 | 0000016013 | ||
| 003 | CO-CtgCURN | ||
| 005 | 20250329190955.0 | ||
| 007 | ta | ||
| 008 | 160627s1996 000 0 eng d | ||
| 020 | _a9684267169 | ||
| 040 |
_aCO-CtgCURN _bspa _ccoctgcurn |
||
| 082 | 0 |
_a618.92 _bR61p |
|
| 100 | 1 | _aRobinson, M. J. | |
| 245 | 1 | 0 |
_aPediatria practica / _cM. J. Robinson y D. M. Roberton , prologo Phelan BSc , traducido por Eduardo Casacuberta Zaffaroni y Alejandro Urrutia Solorzano , editor José Jaime avila Valdivieso. |
| 260 |
_aMexico : _bElmanual moderno, _c1996. |
||
| 300 | _axix, 927 p. | ||
| 336 | _2rdacontent | ||
| 337 |
_2rdamedia _asin mediacion _bn |
||
| 338 |
_2rdacarrier _avolumen _bnc |
||
| 505 | 8 | _aPediatria en la decada de los noventa.--Errores geneticos y del metabolismo en recien nacidos.--Infecciones en la infancia.--Alergia, inmunidad e inflamacion.--Trastornos cardiacos.--Hematología y oncología.--Trastornos del sistema nervioso.--La piel.--Sentidos especiales.--Endocrinología y metabolismo | |
| 650 | 1 | 4 | _aPediatria. |
| 700 | 1 | _aBSc, Phelan, prol. | |
| 908 | _a160627 | ||
| 942 |
_cBK _h618.92 _iR61p _2ddc |
||
| 999 |
_c9942 _d9942 |
||